[Event "Coin op"]
[Site "Coin"]
[Date "2021.04.01"]
[Round "1"]
[White "Sweet Lopez, Eduardo Javier"]
[Black "Martinez Fernandez, Raul"]
[Result "0-1"]
[WhiteElo "1567"]
[BlackElo "2170"]
[PlyCount "58"]
[EventDate "2021.04.01"]
[EventType "swiss"]
[EventRounds "7"]
[EventCountry "ESP"]
[SourceTitle "EXT 2022"]
[Source "ChessBase"]
[SourceDate "2021.10.06"]
[SourceVersion "1"]
[SourceVersionDate "2021.10.06"]
[SourceQuality "1"]

1. d4 d5 2. Bf4 c5 3. e3 Nc6 4. c3 Qb6 5. Qc1 Bf5 6. Nf3 Nf6 7. Nbd2 cxd4 8. exd4 Rc8 9. Be2 Nb4 10. Nh4 Nd3+ 11. Bxd3 Bxd3 12. Nb3 e6 13. Nf3 a5 14. Ne5 Ba6 15. Nd2 Qb5 16. c4 dxc4 17. 0-0 Qd5 18. Ndf3 b6 19. Ng5 Bb7 20. f3 Qxd4+ 21. Kh1 Nh5 22. g3 Nxf4 23. gxf4 f6 24. Rd1 Qf2 25. Rd2 Qh4 26. Rd7 Bd5 27. Rxd5 exd5 28. Ng6 hxg6 29. Qe3+ Be7 0-1